Amazing dead sea scrolls: (Record no. 2492)

000 -LEADER
fixed length control field 00555nam a2200181 a 4500
001 - CONTROL NUMBER
control field :::00000217$&:&@@
003 - CONTROL NUMBER IDENTIFIER
control field OkBaRHE
005 - DATE AND TIME OF LATEST TRANSACTION
control field 20091205141119.0
008 - FIXED-LENGTH DATA ELEMENTS--GENERAL INFORMATION
fixed length control field s1956 j 000 0 eng u
040 ## - CATALOGING SOURCE
Transcribing agency
100 1# - MAIN ENTRY--PERSONAL NAME
Personal name LaSor, William Sanford.
245 10 - TITLE STATEMENT
Title Amazing dead sea scrolls:
Remainder of title and the Christian faith.
260 ## - PUBLICATION, DISTRIBUTION, ETC. (IMPRINT)
Place of publication, distribution, etc Chicago, IL., :
Name of publisher, distributor, etc Moody Press
Date of publication, distribution, etc 1956
300 ## - PHYSICAL DESCRIPTION
Extent 251 p. ;
Dimensions 20 cm.
650 ## - SUBJECT ADDED ENTRY--TOPICAL TERM
Topical term or geographic name as entry element Dead Sea scrolls
942 ## - ADDED ENTRY ELEMENTS (KOHA)
Source of classification or shelving scheme
Koha item type Books
Copies
Withdrawn status Copy number Date acquired Permanent Location Lost status Shelving location Koha item type Source of classification or shelving scheme Damaged status Price effective from Full call number Barcode Not for loan Date last seen
 12010-04-14RHEMA Bible Training College General StacksBooks  2010-04-14BM 487 .L37217 2010-04-14